करण्याजोगे. (Record no. 784560)

MARC details
000 -LEADER
fixed length control field 00687nam a2200181Ia 4500
008 - FIXED-LENGTH DATA ELEMENTS--GENERAL INFORMATION
fixed length control field 100921s9999 xx 000 0 und d
082 ## - DEWEY DECIMAL CLASSIFICATION NUMBER
Item number 35447
Classification number 550 न 02
100 ## - MAIN ENTRY--PERSONAL NAME
Personal name जोशी मेधा.
245 ## - TITLE STATEMENT
Title करण्याजोगे.
260 ## - PUBLICATION, DISTRIBUTION, ETC. (IMPRINT)
Name of publisher, distributor, etc जोशी अमित श्रीकांत,पुणे.
Date of publication, distribution, etc 2002
300 ## - PHYSICAL DESCRIPTION
Extent 119
Other physical details रसिक साहित्य,पुणे
365 ## - TRADE PRICE
Price amount 50
520 ## - SUMMARY, ETC.
Summary, etc विज्ञान-भौमिक शास्त्रे.
630 ## - SUBJECT ADDED ENTRY--UNIFORM TITLE
Uniform title करण्याजोगे.
650 ## - SUBJECT ADDED ENTRY--TOPICAL TERM
Topical term or geographic name as entry element विज्ञान-भौमिक शास्त्रे.
730 ## - ADDED ENTRY--UNIFORM TITLE
Uniform title करण्याजोगे.
942 ## - ADDED ENTRY ELEMENTS (KOHA)
Koha item type Book
Holdings
Withdrawn status Lost status Damaged status Not for loan Home library Current library Shelving location Date acquired Cost, normal purchase price Total Checkouts Barcode Date last seen Price effective from Koha item type Public note
        Lo. Tilak Granthasangrahalaya, Wai Lo. Tilak Granthasangrahalaya, Wai     50.00   WAITILAKGS-35447 09/21/2010 09/21/2010 Book देवघेव